书目信息 |
| 题名: |
新编皮肤科诊疗指南
|
|
| 作者: | 薛景文 , 薛培 著 ;薛谦 著 | |
| 分册: | ||
| 出版信息: | 天津 天津科技翻译出版公司 2005 |
|
| 页数: | 398页 | |
| 开本: | 29cm | |
| 丛书名: | ||
| 单 册: | ||
| 中图分类: | R751 | |
| 科图分类: | ||
| 主题词: | 皮肤病--诊疗 , 皮肤病 | |
| 电子资源: | ||
| ISBN: | 7-5433-1868-7 | |
| 000 | 01019nam0 2200289 450 | |
| 001 | 002899054 | |
| 005 | 20070807162100.09 | |
| 010 | @a7-5433-1868-7@b精装@dCNY90.00 | |
| 035 | @a002899054 | |
| 100 | @a20050316d2005 em y0chiy0110 ea | |
| 101 | 0 | @achi@eeng |
| 102 | @aCN@b120000 | |
| 105 | @aa z 000yy | |
| 106 | @ar | |
| 200 | 1 | @a新编皮肤科诊疗指南@Axin bian pi fu ke zhen liao zhi nan@f薛景文,薛谦,薛培著@Fxue jing wen, xue qian, xue pei zhu |
| 210 | @a天津@c天津科技翻译出版公司@d2005 | |
| 215 | @a398页@c彩照@d29cm | |
| 330 | @a本书分“基础篇”、“诊断篇”和“治疗篇”3篇,论述了皮肤组织、生理、生化、病原、免疫和遗传等皮肤病的基本理论,及中医辨正论治、皮肤外科手术和内用药物治疗等。 | |
| 510 | 1 | @aGuide to Dermatology Diagnosis and Therapeutics@zeng |
| 606 | 0 | @a皮肤病@x诊疗 |
| 606 | 0 | @a皮肤病 |
| 690 | @aR751@v4 | |
| 701 | 0 | @a薛景文@Axue jing wen@4著 |
| 701 | 0 | @a薛培@Axue pei@4著 |
| 702 | 0 | @a薛谦@Axue qian@c(皮肤病学)@4著 |
| 801 | 0 | @aCN@bNLC@c20070807 |
| 905 | @dR751@e7@f1 | |
| 新编皮肤科诊疗指南/薛景文,薛谦,薛培著.-天津:天津科技翻译出版公司,2005 |
| 398页:彩照;29cm |
| ISBN 7-5433-1868-7(精装):CNY90.00 |
| 本书分“基础篇”、“诊断篇”和“治疗篇”3篇,论述了皮肤组织、生理、生化、病原、免疫和遗传等皮肤病的基本理论,及中医辨正论治、皮肤外科手术和内用药物治疗等。 |
| ● |
| 相关链接 |
|
|
|
|
正题名:新编皮肤科诊疗指南
索取号:R751/7
 
预约/预借
| 序号 | 登录号 | 条形码 | 馆藏地/架位号 | 状态 | 备注 |
| 1 | 0853837 | 208538377 | 第二样本阅览室/ [索取号:R751/7] | 在馆 |